000 00426nam a2200145 i 4500
001 bg
245 0 _aModelowanie i symulacja systemów eksploatacji maszyn.
_nT. 3,
_pPodstawy eksploatacji maszyn /
_cpod red. Z. Cygana, S. Ziemby.
260 _aWarszawa,
_c1987.
700 1 _aCygan, Zdzisław
_d(1928- ).
700 1 _aZiemba, S.
040 _cBPK
041 _apol
942 _cKS
008 s pl f |000 0 pol
999 _c6060
_d6060
856 _uhttp://koha.tu.koszalin.pl/cgi-bin/koha/opac-detail.pl?biblionumber=6060
_yKatalog online BPK